[Event "Campeonato de España Individual"]
[Site "Cala Major-Palma de Mallorca"]
[Date "2009.10.03"]
[Round "8.33"]
[White "Segura Ariza, Jose Luis"]
[Black "Andreu Lopez, Santiago"]
[Result "1-0"]
[WhiteElo "2210"]
[BlackElo "1977"]
[PlyCount "33"]
[EventDate "2009.09.26"]

1. c4 Nf6 2. d4 g6 3. Nc3 Bg7 4. e4 d6 5. Be2 a6 6. Be3 Nbd7 7. Qd2 c6 8. a3 b5
9. h4 h5 10. f3 bxc4 11. Bxc4 c5 12. Nh3 Rb8 13. dxc5 Nxc5 14. Bxc5 dxc5 15.
Qxd8+ Kxd8 16. Bxf7 Rxb2 17. O-O-O+ 1-0

[Event "Campeonato de España Individual"]
[Site "Cala Major-Palma de Mallorca"]
[Date "2009.10.03"]
[Round "8.34"]
[White "Moya Albaladejo, Jose Antonio"]
[Black "Serra Olives, Tomas"]
[Result "0-1"]
[WhiteElo "1959"]
[BlackElo "2145"]
[PlyCount "76"]
[EventDate "2009.09.26"]

1. e4 e5 2. Nf3 Nc6 3. d4 exd4 4. Nxd4 Nf6 5. Nxc6 bxc6 6. e5 Nd5 7. c4 Nb6 8.
Bd3 d5 9. exd6 cxd6 10. O-O Be7 11. Nc3 O-O 12. Qf3 Be6 13. b3 Bf6 14. Bc2 d5
15. Ba3 Re8 16. Rad1 Qc8 17. cxd5 cxd5 18. Rc1 Bxc3 19. Bb1 d4 20. Be4 Bg4 21.
Qd3 Rxe4 22. Qxe4 Bf5 23. Qf3 Qe6 24. Bc5 Be4 25. Qg3 Qf5 26. b4 Nd7 27. Qd6
Qd5 28. Qg3 Nxc5 29. bxc5 Qxc5 30. Rfe1 Qd5 31. Red1 Qf5 32. Qc7 h6 33. Qd6 Re8
34. Qc7 a5 35. Qd6 Re6 36. Qb8+ Kh7 37. a4 Bxg2 38. Qb1 Be4 0-1

[Event "Campeonato de España Individual"]
[Site "Cala Major-Palma de Mallorca"]
[Date "2009.10.03"]
[Round "8.35"]
[White "Miguelez Garcia, Erlantz"]
[Black "Guadamuro Torrente, Anabel"]
[Result "0-1"]
[WhiteElo "1948"]
[BlackElo "2142"]
[PlyCount "62"]
[EventDate "2009.09.26"]

1. c4 e5 2. Nc3 Nf6 3. e4 Nc6 4. Nf3 Bc5 5. Be2 d6 6. O-O h6 7. d3 O-O 8. h3
Nh7 9. Nh2 f5 10. exf5 Bxf5 11. Bg4 Qh4 12. Bxf5 Rxf5 13. Ne4 Raf8 14. Be3 Nd4
15. Nxc5 dxc5 16. Bxd4 cxd4 17. Qg4 Qf6 18. Qe4 c6 19. Ng4 Qd6 20. Rae1 Ng5 21.
Qe2 Nf7 22. h4 h5 23. Nh2 Qf6 24. g3 Nh8 25. Qc2 g5 26. hxg5 Qxg5 27. Re4 Ng6
28. Qe2 Nf4 29. Qd1 Nh3+ 30. Kg2 Nxf2 31. Rxf2 Rxf2+ 0-1

[Event "Campeonato de España Individual"]
[Site "Cala Major-Palma de Mallorca"]
[Date "2009.10.03"]
[Round "8.36"]
[White "Gutierrez Castillo, Oscar"]
[Black "Oliver Font, Jose Luis"]
[Result "1-0"]
[WhiteElo "2130"]
[BlackElo "1915"]
[PlyCount "23"]
[EventDate "2009.09.26"]

1. e4 e6 2. Nf3 d5 3. Nc3 Nf6 4. e5 Nfd7 5. d4 c5 6. dxc5 Nc6 7. Bf4 Bxc5 8.
Bd3 Qb6 9. O-O Qxb2 10. Nb5 O-O 11. Bd2 d4 12. Qe2 1-0

[Event "Campeonato de España Individual"]
[Site "Cala Major-Palma de Mallorca"]
[Date "2009.10.03"]
[Round "8.37"]
[White "Cerdo Fernandez, Miguel"]
[Black "Planells Roig, Jose"]
[Result "1-0"]
[WhiteElo "1921"]
[BlackElo "2108"]
[PlyCount "107"]
[EventDate "2009.09.26"]

1. e4 c5 2. Nf3 Nc6 3. d4 cxd4 4. Nxd4 g6 5. Nc3 Bg7 6. Be3 Nf6 7. f3 O-O 8.
Qd2 d5 9. Nxc6 bxc6 10. O-O-O Qa5 11. Kb1 Rb8 12. e5 Nd7 13. f4 Nb6 14. Ne4
Qxd2 15. Nxd2 Bg4 16. Re1 Rb7 17. Ba6 Rc7 18. Nb3 Na4 19. Nc5 Nxc5 20. Bxc5 Bf5
21. Re3 f6 22. e6 Be4 23. Rg1 Rb8 24. b4 f5 25. g3 Bf6 26. Kc1 Kh8 27. Bd3 Rcb7
28. Bxe4 fxe4 29. Rb3 g5 30. Kd2 Rg8 31. f5 g4 32. Ra3 Rf8 33. Rf1 Kg7 34. Ra6
Rc8 35. a4 Rcc7 36. c3 Be5 37. c4 Kf6 38. Ke3 h5 39. cxd5 cxd5 40. Rd1 Kxf5 41.
Rxd5 Kf6 42. Kxe4 Bd6 43. Bxd6 exd6 44. b5 Kxe6 45. Raxd6+ Ke7 46. Rh6 Rc4+ 47.
Rd4 Rxd4+ 48. Kxd4 Rd7+ 49. Kc5 Kf8 50. Rxh5 Rc7+ 51. Kd5 Rd7+ 52. Kc6 Rd4 53.
a5 Ra4 54. b6 1-0

[Event "Campeonato de España Individual"]
[Site "Cala Major-Palma de Mallorca"]
[Date "2009.10.03"]
[Round "8.38"]
[White "Juan Mas, Santiago"]
[Black "Figuerola Campins, Antonio"]
[Result "1-0"]
[WhiteElo "2098"]
[BlackElo "1904"]
[PlyCount "69"]
[EventDate "2009.09.26"]

1. g3 e5 2. Bg2 d5 3. d3 Nf6 4. Nf3 Nc6 5. O-O Be7 6. c3 O-O 7. Qc2 a5 8. a4
Bg4 9. h3 Bf5 10. Nh4 Qd7 11. Nxf5 Qxf5 12. e4 dxe4 13. dxe4 Qe6 14. Be3 h5 15.
Nd2 Rad8 16. Rfe1 Nb8 17. Bf1 b6 18. Kg2 Bc5 19. Bxc5 bxc5 20. Bc4 Qb6 21. Nf3
Nc6 22. b3 Ne8 23. Rad1 Nd6 24. Bd5 Rde8 25. Rb1 g6 26. Qd2 Kg7 27. g4 Rh8 28.
g5 Nd8 29. Qe3 c6 30. Bc4 N8b7 31. Nd2 Qd8 32. b4 f5 33. gxf6+ Qxf6 34. bxc5
Nxc4 35. Rxb7+ 1-0

[Event "Campeonato de España Individual"]
[Site "Cala Major-Palma de Mallorca"]
[Date "2009.10.03"]
[Round "8.39"]
[White "Fernandez Calzada, Juan A"]
[Black "Valls Casas, Jordi"]
[Result "1/2-1/2"]
[WhiteElo "1895"]
[BlackElo "2094"]
[PlyCount "118"]
[EventDate "2009.09.26"]

1. e4 c6 2. d4 d5 3. exd5 cxd5 4. c4 Nf6 5. Nc3 Nc6 6. Nf3 e6 7. a3 dxc4 8.
Bxc4 Bd6 9. Bg5 a6 10. O-O O-O 11. Re1 b5 12. Ba2 Bb7 13. d5 exd5 14. Nxd5 Bc5
15. Nxf6+ gxf6 16. Qxd8 Rfxd8 17. Bxf6 Rd6 18. Bh4 Nd4 19. Nxd4 Bxd4 20. Re7
Bd5 21. Bg3 Rdd8 22. Bxd5 Rxd5 23. Re2 Rad8 24. Rae1 Kg7 25. h3 f6 26. Rc1 Kg6
27. Rc6 a5 28. Bc7 Rc8 29. Rec2 a4 30. g3 h5 31. Kg2 Kf5 32. Kf3 Re8 33. Bb6
Be5 34. Be3 Rb8 35. g4+ hxg4+ 36. hxg4+ Kg6 37. Ke4 Rd6 38. R6c5 b4 39. f4 bxa3
40. bxa3 Bb2 41. f5+ Kf7 42. Rc7+ Kg8 43. Bc5 Re8+ 44. Kf3 Rd3+ 45. Kf2 Bxa3
46. Bxa3 Rxa3 47. Ra7 Rb8 48. Kg2 Ra1 49. Rc3 Rb2+ 50. Kf3 Rf1+ 51. Ke4 Re2+
52. Kd5 Rd1+ 53. Kc6 Re4 54. Kb6 Rb1+ 55. Ka5 Re5+ 56. Ka6 Rb8 57. Rcc7 a3 58.
Rg7+ Kf8 59. Rh7 Kg8 1/2-1/2

[Event "Campeonato de España Individual"]
[Site "Cala Major-Palma de Mallorca"]
[Date "2009.10.03"]
[Round "8.40"]
[White "Montoya Irigoyen, Iñigo"]
[Black "Matas Artigues, Josep"]
[Result "1-0"]
[WhiteElo "2070"]
[BlackElo "1716"]
[PlyCount "45"]
[EventDate "2009.09.26"]

1. c4 e5 2. Nc3 Nf6 3. g3 c6 4. d4 exd4 5. Qxd4 d5 6. Bg5 Be7 7. Rd1 c5 8. Qh4
d4 9. e3 Qb6 10. exd4 cxd4 11. Qxd4 Bc5 12. Qf4 Qxb2 13. Nge2 Bb4 14. Bxf6 gxf6
15. Qxf6 O-O 16. Bg2 Nd7 17. Qd4 Re8 18. O-O Rxe2 19. Qg4+ Kf8 20. Nxe2 Ne5 21.
Rd8+ Ke7 22. Qg5+ f6 23. Qg8 1-0

[Event "Campeonato de España Individual"]
[Site "Cala Major-Palma de Mallorca"]
[Date "2009.10.03"]
[Round "8.41"]
[White "Moreno Mateos, Jose Luis"]
[Black "Sarto Ramos, Angel"]
[Result "0-1"]
[WhiteElo "1908"]
[BlackElo "2037"]
[PlyCount "46"]
[EventDate "2009.09.26"]

1. d4 g6 2. c4 c5 3. Nf3 Bg7 4. Nc3 cxd4 5. Nxd4 Nc6 6. Nc2 d6 7. g3 Be6 8. Ne3
Ne5 9. Bg2 Qd7 10. Ncd5 Rc8 11. Qb3 b6 12. O-O Nf6 13. Nxf6+ Bxf6 14. Nd5 Bg7
15. Bf4 Nxc4 16. Rfc1 Bxb2 17. Rxc4 Bxa1 18. Rxc8+ Qxc8 19. Qb5+ Kf8 20. Bh6+
Bg7 21. Qb2 Rg8 22. Nxe7 Kxe7 23. Bxg7 Rxg7 0-1

[Event "Campeonato de España Individual"]
[Site "Cala Major-Palma de Mallorca"]
[Date "2009.10.03"]
[Round "8.42"]
[White "Caliz Morales, Felipe"]
[Black "Castell Cantero, Salvador"]
[Result "0-1"]
[WhiteElo "1885"]
[BlackElo "1977"]
[PlyCount "76"]
[EventDate "2009.09.26"]

1. e4 d6 2. d4 Nf6 3. Nc3 g6 4. Bg5 h6 5. Be3 Bg7 6. f3 c6 7. Bd3 Qa5 8. Nge2
Nbd7 9. Bd2 Qb6 10. Na4 Qc7 11. Nac3 b5 12. O-O O-O 13. Qc1 Kh7 14. Nd1 e5 15.
c3 a6 16. Nf2 Bb7 17. f4 c5 18. d5 c4 19. Bc2 Rae8 20. f5 gxf5 21. Ng3 f4 22.
Nf5 Rg8 23. Kh1 Bf8 24. Bxf4 exf4 25. Qxf4 Ne5 26. Ng3 Bc8 27. Nh3 Rg6 28. Qh4
Be7 29. Nf5 Bxf5 30. exf5 Rg4 31. Qf2 Qc5 32. Qd2 Nd3 33. b4 Qxd5 34. Rf3 Ne4
35. Qe3 Bf6 36. Bxd3 Ng3+ 37. Rxg3 Rxe3 38. Rxe3 Qxg2# 0-1

[Event "Campeonato de España Individual"]
[Site "Cala Major-Palma de Mallorca"]
[Date "2009.10.03"]
[Round "8.43"]
[White "Aguilo Pons, Francesc"]
[Black "Ruiz Viñals, Matias"]
[Result "0-1"]
[WhiteElo "1899"]
[BlackElo "2101"]
[PlyCount "62"]
[EventDate "2009.09.26"]

1. e4 e5 2. Nf3 Nc6 3. Bb5 a6 4. Ba4 Nf6 5. O-O b5 6. Bb3 Be7 7. Re1 d6 8. c3
O-O 9. h3 Na5 10. Bc2 c5 11. d4 cxd4 12. cxd4 Nc6 13. d5 Nb4 14. Bb3 a5 15. a4
Bd7 16. Nc3 Qb6 17. Bg5 Rfc8 18. Qe2 bxa4 19. Bxa4 Bxa4 20. Rxa4 Na6 21. Be3
Nc5 22. Rea1 Bd8 23. b4 Nxa4 24. Bxb6 Nxc3 25. Qe3 Bxb6 26. Qxb6 Nfxe4 27. Rxa5
Rab8 28. Qa6 Rd8 29. Qd3 Rxb4 30. Ra3 Rb1+ 31. Kh2 Rh1+ 0-1

[Event "Campeonato de España Individual"]
[Site "Cala Major-Palma de Mallorca"]
[Date "2009.10.03"]
[Round "8.44"]
[White "Javaloy Guerrero, Manuel A"]
[Black "Bordes Ibanez, Juan"]
[Result "1/2-1/2"]
[WhiteElo "1878"]
[BlackElo "2046"]
[PlyCount "79"]
[EventDate "2009.09.26"]

1. e4 e6 2. d4 d5 3. Nd2 c5 4. Ngf3 cxd4 5. exd5 Nf6 6. dxe6 Bxe6 7. Nb3 Bxb3
8. axb3 Bb4+ 9. Bd2 Bc5 10. Qe2+ Qe7 11. Qxe7+ Kxe7 12. O-O-O Nc6 13. Bc4 h6
14. Rhe1+ Kf8 15. Bf4 Rd8 16. Be5 Ng4 17. Bg3 g6 18. h3 Nf6 19. Ne5 Nxe5 20.
Bxe5 Kg7 21. f4 Bd6 22. Rf1 Rhe8 23. Bxd4 Re4 24. g3 h5 25. Be5 Be7 26. g4
Rxd1+ 27. Rxd1 hxg4 28. hxg4 g5 29. Bd5 Rxe5 30. fxe5 Nxg4 31. e6 f5 32. Bxb7
Kf6 33. c4 Ne3 34. Re1 f4 35. Re2 Kxe6 36. Kd2 Ke5 37. Kc3 a5 38. Kd3 g4 39.
Rxe3+ fxe3 40. Kxe3 1/2-1/2

[Event "Campeonato de España Individual"]
[Site "Cala Major-Palma de Mallorca"]
[Date "2009.10.03"]
[Round "8.45"]
[White "Trillo-Figueroa Vidal, Antonio"]
[Black "Navarrete Terrasa, Sebastian"]
[Result "1/2-1/2"]
[WhiteElo "1838"]
[BlackElo "2019"]
[PlyCount "85"]
[EventDate "2009.09.26"]

1. e4 c5 2. Nf3 Nc6 3. d4 cxd4 4. Nxd4 g6 5. Bc4 Bg7 6. c3 d6 7. Be3 Nf6 8. Nd2
Ng4 9. Bg5 Nxd4 10. cxd4 Bxd4 11. O-O O-O 12. Qb3 Bg7 13. Nf3 h6 14. Bh4 a6 15.
Rfd1 b5 16. Bd5 Rb8 17. h3 Ne5 18. Nxe5 Bxe5 19. Rac1 Kg7 20. Bg3 Bxg3 21. Qxg3
e6 22. Bb3 Qf6 23. Qxd6 Bb7 24. Qd4 Rfd8 25. Qxf6+ Kxf6 26. f3 a5 27. Kf2 Rxd1
28. Rxd1 Rc8 29. Rd2 g5 30. Ke3 Rc1 31. Rd1 Rxd1 32. Bxd1 e5 33. a4 b4 34. Be2
Ke7 35. Bc4 f6 36. b3 Kd6 37. g4 Kc5 38. Kd3 Bc8 39. Ke3 Bd7 40. Bf7 Bc8 41.
Bc4 Bb7 42. Kd3 Bc6 43. Bf7 1/2-1/2

[Event "Campeonato de España Individual"]
[Site "Cala Major-Palma de Mallorca"]
[Date "2009.10.03"]
[Round "8.46"]
[White "Abadia Pascual, Luis"]
[Black "Zhou, Tai Long"]
[Result "1/2-1/2"]
[WhiteElo "2130"]
[BlackElo "2052"]
[PlyCount "55"]
[EventDate "2009.09.26"]

1. e4 c5 2. Nf3 Nc6 3. d4 cxd4 4. Nxd4 e5 5. Nb5 a6 6. Nd6+ Bxd6 7. Qxd6 Qf6 8.
Qd1 Qg6 9. Nc3 Nge7 10. Be3 O-O 11. Qd2 b5 12. O-O-O d6 13. Qxd6 Be6 14. Nd5
Bxd5 15. Qxg6 hxg6 16. exd5 Nb4 17. d6 Ned5 18. a3 Nxe3 19. fxe3 Nc6 20. c4
bxc4 21. Bxc4 Na5 22. Bd5 Rac8+ 23. Kb1 Rfd8 24. Rhf1 Rd7 25. Rf2 Nc4 26. Rc2
Nxd6 27. Rxc8+ Nxc8 28. Bf3 1/2-1/2

[Event "Campeonato de España Individual"]
[Site "Cala Major-Palma de Mallorca"]
[Date "2009.10.03"]
[Round "8.47"]
[White "Redondo Pomar, Antonio"]
[Black "Sanchez Garcia, Julio"]
[Result "1-0"]
[WhiteElo "1955"]
[BlackElo "1747"]
[PlyCount "55"]
[EventDate "2009.09.26"]

1. d4 Nf6 2. c4 e6 3. Nc3 Bb4 4. Qc2 O-O 5. e4 c5 6. Nf3 Nc6 7. d5 exd5 8. cxd5
Nd4 9. Nxd4 cxd4 10. a3 dxc3 11. axb4 cxb2 12. Bxb2 Nxe4 13. Bd3 Nf6 14. Bxf6
Re8+ 15. Be4 Qxf6 16. O-O g6 17. Ra3 Qd4 18. Re3 f5 19. Rd1 Qxb4 20. Rb1 Qd6
21. Rbe1 fxe4 22. Rxe4 Rxe4 23. Qxe4 Kf7 24. Qe8+ Kg7 25. Re7+ Kh6 26. Qf8+ Kg5
27. h4+ Kh5 28. Rxh7+ 1-0

[Event "Campeonato de España Individual"]
[Site "Cala Major-Palma de Mallorca"]
[Date "2009.10.04"]
[Round "9.3"]
[White "Recuero Guerra, David"]
[Black "Lopez Martinez, Jose Manuel"]
[Result "0-1"]
[WhiteElo "2492"]
[BlackElo "2570"]
[PlyCount "80"]
[EventDate "2009.09.26"]

1. e4 c5 2. Nf3 d6 3. Bb5+ Nd7 4. O-O Ngf6 5. Re1 a6 6. Bf1 b6 7. d3 Bb7 8.
Nbd2 e5 9. c3 Be7 10. d4 O-O 11. d5 Ne8 12. c4 g6 13. a4 a5 14. h3 f5 15. exf5
gxf5 16. g4 Ng7 17. gxf5 Rxf5 18. Ra3 Nf6 19. Nh2 Bc8 20. Bg2 Qf8 21. Nhf1 Rh5
22. Rf3 Qe8 23. b3 Rh4 24. Bb2 Ra7 25. Qa1 Bd8 26. Rfe3 Nf5 27. Rd3 Rg7 28. Ng3
Nh5 29. Nde4 Nf4 30. Rf3 Qg6 31. Bxe5 Nxg2 32. Kxg2 dxe5 33. Qxe5 Re7 34. Qb8
Rhxe4 35. Rxe4 Rxe4 36. Qxc8 Nh4+ 37. Kf1 Re8 38. Re3 Qb1+ 39. Ke2 Qc2+ 40. Ke1
Ng2+ 0-1

[Event "Campeonato de España Individual"]
[Site "Cala Major-Palma de Mallorca"]
[Date "2009.10.04"]
[Round "9.4"]
[White "Vega Gutierrez, Sabrina"]
[Black "Del Rio de Angelis, Salvador Gabriel"]
[Result "0-1"]
[WhiteElo "2357"]
[BlackElo "2559"]
[PlyCount "78"]
[EventDate "2009.09.26"]

1. e4 g6 2. d4 Bg7 3. Nc3 c6 4. f4 Qb6 5. Nf3 d5 6. exd5 Bg4 7. Bc4 Nh6 8. O-O
Nf5 9. Ne2 O-O 10. h3 Bxf3 11. Rxf3 Rd8 12. c3 cxd5 13. Bd3 e6 14. g4 Nd6 15.
f5 e5 16. Rf2 Nc6 17. f6 Bf8 18. Be3 Re8 19. Qb3 Qa5 20. Rd1 exd4 21. Bxd4 Rad8
22. Rf3 Rd7 23. Kg2 Ne4 24. Bb5 Rd6 25. Nf4 Red8 26. a4 Bh6 27. Bxc6 bxc6 28.
Be5 R6d7 29. Qc2 Re8 30. b4 Qa6 31. Nd3 Rdd8 32. Bd4 Qb7 33. Qa2 Qc7 34. Qc2
Bg5 35. Qa2 Re6 36. Qc2 Rde8 37. Kh1 Ng3+ 38. Kg1 Ne2+ 39. Kf1 Qh2 0-1

[Event "Campeonato de España Individual"]
[Site "Cala Major-Palma de Mallorca"]
[Date "2009.10.04"]
[Round "9.5"]
[White "De La Villa Garcia, Jesus Maria"]
[Black "Arizmendi Martinez, Julen Luis"]
[Result "1/2-1/2"]
[WhiteElo "2481"]
[BlackElo "2532"]
[PlyCount "32"]
[EventDate "2009.09.26"]

1. e4 e6 2. d4 d5 3. Nc3 Bb4 4. e5 Ne7 5. f4 c5 6. Bd2 Nf5 7. Nf3 cxd4 8. Nb5
Bc5 9. b4 Be7 10. Nbxd4 Nxd4 11. Nxd4 Nc6 12. Nxc6 bxc6 13. Bd3 Qb6 14. a3 Ba6
15. Qe2 Bxd3 16. Qxd3 c5 1/2-1/2

[Event "Campeonato de España Individual"]
[Site "Cala Major-Palma de Mallorca"]
[Date "2009.10.04"]
[Round "9.6"]
[White "Fernandez Siles, Luis"]
[Black "Cabrera Pino, Alexis"]
[Result "1/2-1/2"]
[WhiteElo "2334"]
[BlackElo "2529"]
[PlyCount "41"]
[EventDate "2009.09.26"]

1. d4 d5 2. c4 e6 3. Nc3 Nf6 4. cxd5 exd5 5. Bg5 c6 6. e3 Bf5 7. Qf3 Bg6 8.
Bxf6 Qxf6 9. Qxf6 gxf6 10. Kd2 Nd7 11. Bd3 Bd6 12. Nge2 Nb6 13. b3 a5 14. a4
Nd7 15. h4 h5 16. g3 Ke7 17. Nf4 Bxf4 18. exf4 Bxd3 19. Kxd3 Kd6 20. Rhe1 Nb8
21. Nd1 1/2-1/2

[Event "Campeonato de España Individual"]
[Site "Cala Major-Palma de Mallorca"]
[Date "2009.10.04"]
[Round "9.8"]
[White "Vassallo Barroche, Mauricio"]
[Black "Aloma Vidal, Robert"]
[Result "1/2-1/2"]
[WhiteElo "2411"]
[BlackElo "2462"]
[PlyCount "116"]
[EventDate "2009.09.26"]

1. Nf3 Nf6 2. d4 g6 3. g3 Bg7 4. Bg2 O-O 5. b3 c5 6. Bb2 cxd4 7. O-O d5 8. Bxd4
Nc6 9. Bb2 Re8 10. c4 dxc4 11. bxc4 Qa5 12. Qb3 Qh5 13. Na3 e5 14. Nb5 e4 15.
Nc7 exf3 16. exf3 Be6 17. Nxa8 Rxa8 18. Qxb7 Rc8 19. Rfe1 Na5 20. Qa6 Rc6 21.
Qxa7 Nxc4 22. Bd4 Rc8 23. a4 Bd5 24. Qe7 Nd2 25. Re3 Re8 26. g4 Rxe7 27. gxh5
Rc7 28. h6 Bxh6 29. Bxf6 Bxe3 30. fxe3 Nxf3+ 31. Bxf3 Bxf3 32. Rb1 Rc8 33. a5
h6 34. a6 Kh7 35. a7 Ra8 36. Kf2 Be4 37. Rb4 Bh1 38. h4 Rxa7 39. Rb8 Ra8 40.
Rxa8 Bxa8 41. Kg3 Bc6 42. Kf4 Bd7 43. e4 Bc6 44. e5 Bd5 45. Be7 Be6 46. Bf6 Kg8
47. Be7 Kg7 48. Bf6+ Kf8 49. Kg3 Bb3 50. Kf4 Bc2 51. Kg3 Ke8 52. Kf4 Kd7 53.
Bg7 g5+ 54. hxg5 h5 55. Kg3 Ke6 56. Kh4 Bd1 57. Bf6 Kf5 58. Bh8 Kg6 1/2-1/2

[Event "Campeonato de España Individual"]
[Site "Cala Major-Palma de Mallorca"]
[Date "2009.10.04"]
[Round "9.10"]
[White "Garza Marco, Sergio"]
[Black "Camacho Collados, Marcos"]
[Result "0-1"]
[WhiteElo "2447"]
[BlackElo "2401"]
[PlyCount "76"]
[EventDate "2009.09.26"]

1. Nf3 Nf6 2. g3 g6 3. Bg2 Bg7 4. d4 O-O 5. O-O c6 6. c4 d6 7. Nc3 Qb6 8. b3 e5
9. Bb2 e4 10. Ng5 d5 11. e3 h6 12. Nh3 dxc4 13. Ba3 Re8 14. bxc4 Qa6 15. Qa4
Be6 16. c5 Qxa4 17. Nxa4 b5 18. Nc3 a5 19. Bb2 Na6 20. Nf4 Bc4 21. Rfc1 g5 22.
Nh3 Nb4 23. a3 Nd3 24. Rc2 b4 25. Ne2 Bb5 26. Nc1 Ne1 27. Rd2 Nd5 28. Rd1 Nc2
29. Rb1 bxa3 30. Ba1 Bc4 31. Bf1 Bxf1 32. Rxf1 Reb8 33. Ne2 a2 34. Rbc1 Nxa1
35. Rxa1 Rb2 36. Nc1 Nc3 37. g4 Rab8 38. Kg2 Rc2 0-1

[Event "Campeonato de España Individual"]
[Site "Cala Major-Palma de Mallorca"]
[Date "2009.10.04"]
[Round "9.11"]
[White "Gaya Llodra, Juan"]
[Black "Almagro Llanas, Pablo"]
[Result "1-0"]
[WhiteElo "2218"]
[BlackElo "2470"]
[PlyCount "69"]
[EventDate "2009.09.26"]

1. d4 d5 2. g3 Nf6 3. Nf3 Bf5 4. Bg2 c6 5. O-O e6 6. c4 Nbd7 7. cxd5 cxd5 8.
Nc3 Be7 9. Nh4 Bg4 10. f3 Bh5 11. g4 Ng8 12. gxh5 Bxh4 13. e4 Nb6 14. a4 Ne7
15. a5 Nc4 16. f4 O-O 17. Qg4 Nc6 18. h6 g6 19. exd5 exd5 20. f5 Bf6 21. Bxd5
Bxd4+ 22. Kh1 Bxc3 23. Qxc4 Bf6 24. fxg6 hxg6 25. Bf4 Rc8 26. Qe4 Kh7 27. a6
Qb6 28. Bd6 Rce8 29. Qg2 Nd4 30. Rxf6 Re2 31. Qg5 Qxb2 32. Raf1 Nf5 33. R6xf5
gxf5 34. Qxf5+ Kh8 35. Be4 1-0

[Event "Campeonato de España Individual"]
[Site "Cala Major-Palma de Mallorca"]
[Date "2009.10.04"]
[Round "9.12"]
[White "Teran Alvarez, Ismael"]
[Black "Garcia Del Rey, Senen"]
[Result "1-0"]
[WhiteElo "2432"]
[BlackElo "2319"]
[PlyCount "51"]
[EventDate "2009.09.26"]

1. e4 c5 2. Nf3 e6 3. d4 cxd4 4. Nxd4 Nc6 5. Nxc6 bxc6 6. Bd3 Nf6 7. O-O d5 8.
e5 Nd7 9. Re1 Qc7 10. Qe2 g6 11. c4 Bg7 12. Bf4 O-O 13. cxd5 exd5 14. Nc3 Nc5
15. Rac1 Nxd3 16. Qxd3 Qa5 17. b3 Bf5 18. Qd4 c5 19. Qxd5 Rfd8 20. Qf3 Rac8 21.
Nd5 Re8 22. Bg5 Bxe5 23. b4 Qxa2 24. Ne7+ Rxe7 25. Bxe7 Bb2 26. Rxc5 1-0

[Event "Campeonato de España Individual"]
[Site "Cala Major-Palma de Mallorca"]
[Date "2009.10.04"]
[Round "9.13"]
[White "Del Rey, Diego"]
[Black "Fenollar Jorda, Manuel"]
[Result "1/2-1/2"]
[WhiteElo "2419"]
[BlackElo "2311"]
[PlyCount "83"]
[EventDate "2009.09.26"]

1. d4 d5 2. c4 c6 3. e3 Nf6 4. Bd3 e6 5. Nd2 dxc4 6. Nxc4 c5 7. Nf3 Nc6 8. dxc5
Bxc5 9. a3 a5 10. O-O Qe7 11. e4 e5 12. h3 O-O 13. Bg5 h6 14. Bh4 g5 15. Bg3
Nh5 16. Bh2 Nf4 17. Bxf4 gxf4 18. Kh2 Kh7 19. Qe2 Rg8 20. Ncd2 Bd7 21. Rg1 Rad8
22. Bc4 Bc8 23. Rac1 Rg7 24. Bd5 Rdg8 25. Kh1 Ba7 26. Bxc6 bxc6 27. Nc4 Ba6 28.
Rc2 Qe6 29. b3 a4 30. bxa4 Bxc4 31. Qxc4 Qxc4 32. Rxc4 Bxf2 33. Rf1 Bd4 34. Nh4
c5 35. a5 f6 36. Rb1 Ra8 37. Rb5 Rga7 38. Ra4 Rc8 39. Rc4 Rca8 40. Ra4 Rc8 41.
Rc4 Rca8 42. Ra4 1/2-1/2

[Event "Campeonato de España Individual"]
[Site "Cala Major-Palma de Mallorca"]
[Date "2009.10.04"]
[Round "9.14"]
[White "Estremera Panos, Sergio"]
[Black "Menvielle Laccourreye, Augusto"]
[Result "1/2-1/2"]
[WhiteElo "2402"]
[BlackElo "2254"]
[PlyCount "33"]
[EventDate "2009.09.26"]

1. d4 f5 2. Nf3 Nf6 3. g3 g6 4. Bg2 Bg7 5. O-O d6 6. c4 O-O 7. Nc3 c6 8. b3 Na6
9. Bb2 Nc7 10. Qc2 d5 11. cxd5 Ncxd5 12. Nxd5 Nxd5 13. e3 Kh8 14. Ne5 Be6 15.
Nd3 Bg8 16. Rae1 Qb6 17. Nc5 1/2-1/2

[Event "Campeonato de España Individual"]
[Site "Cala Major-Palma de Mallorca"]
[Date "2009.10.04"]
[Round "9.16"]
[White "Astasio Lopez, David"]
[Black "Mascaro March, Pedro"]
[Result "0-1"]
[WhiteElo "2315"]
[BlackElo "2369"]
[PlyCount "76"]
[EventDate "2009.09.26"]

1. d4 Nf6 2. Nf3 e6 3. Nbd2 d5 4. e3 c5 5. c3 Nc6 6. Bd3 Bd6 7. O-O O-O 8. Qe2
e5 9. dxc5 Bxc5 10. e4 Bg4 11. Rd1 d4 12. Nb3 Qb6 13. Nxc5 Qxc5 14. b4 Qxc3 15.
Bd2 Qa3 16. Rdb1 a6 17. h3 Bxf3 18. Qxf3 Ne7 19. Rb3 Qa4 20. b5 Ng6 21. Bb4
Rfc8 22. Rab1 Qxa2 23. Kh2 axb5 24. g3 Nd7 25. Qf5 Nf6 26. Kg2 Qa6 27. Bd2 Qe6
28. Qf3 Ra2 29. Bc1 Rxc1 30. Rxb5 Rxb1 31. Bxb1 Ra7 32. Bc2 h6 33. h4 Qc6 34.
Qb3 Qc3 35. Qxc3 dxc3 36. Rb3 Ne7 37. Rxc3 Nc6 38. Bd3 Kf8 0-1

[Event "Campeonato de España Individual"]
[Site "Cala Major-Palma de Mallorca"]
[Date "2009.10.04"]
[Round "9.17"]
[White "Alvarez Fernandez, Enrique"]
[Black "Damians Janes, Jordi"]
[Result "1-0"]
[WhiteElo "2340"]
[BlackElo "1974"]
[PlyCount "44"]
[EventDate "2009.09.26"]

1. d4 e6 2. Nf3 Nf6 3. c4 d5 4. cxd5 exd5 5. Nc3 c6 6. Bg5 Nbd7 7. e3 Be7 8.
Bd3 O-O 9. O-O Re8 10. Qc2 Nf8 11. Bxf6 Bxf6 12. b4 Qd6 13. Rab1 Bg4 14. Nd2
Re6 15. Rfc1 Bd8 16. Nf1 Rh6 17. b5 Bc7 18. bxc6 Rxh2 19. f4 Rh5 20. Nb5 Qh6
21. Nxc7 Rh1+ 22. Kf2 Qh4+ 1-0

[Event "Campeonato de España Individual"]
[Site "Cala Major-Palma de Mallorca"]
[Date "2009.10.04"]
[Round "9.18"]
[White "Narciso Dublan, Marc"]
[Black "Cuenca Jimenez, Francisco Javie"]
[Result "1-0"]
[WhiteElo "2533"]
[BlackElo "2189"]
[PlyCount "39"]
[EventDate "2009.09.26"]

1. e4 d5 2. exd5 Nf6 3. Bb5+ Bd7 4. Bc4 Bf5 5. Nc3 Nbd7 6. Qf3 Nb6 7. d3 Nxc4
8. dxc4 Bxc2 9. Qe2 Bf5 10. Bg5 Qd7 11. Nf3 Bg4 12. h3 Bxf3 13. Qxf3 O-O-O 14.
O-O-O h6 15. Bf4 Ne8 16. Bh2 f6 17. Rhe1 g6 18. Nb5 a6 19. Na7+ Kb8 20. Nc6+
1-0

[Event "Campeonato de España Individual"]
[Site "Cala Major-Palma de Mallorca"]
[Date "2009.10.04"]
[Round "9.19"]
[White "Vehi Bach, Victor Manuel"]
[Black "Serrano Bozada, Esteban"]
[Result "1-0"]
[WhiteElo "2381"]
[BlackElo "2217"]
[PlyCount "83"]
[EventDate "2009.09.26"]

1. e4 e6 2. d4 d5 3. Nc3 Bb4 4. e5 c5 5. a3 Bxc3+ 6. bxc3 Ne7 7. Qg4 O-O 8. Bd3
f5 9. exf6 Rxf6 10. Bg5 Rf7 11. Qh5 g6 12. Qd1 Nbc6 13. Nf3 c4 14. Be2 Qf8 15.
O-O h6 16. Bc1 g5 17. h3 Qg7 18. Nh2 Ng6 19. Bh5 Bd7 20. Rb1 b6 21. h4 Rff8 22.
hxg5 hxg5 23. Qg4 Nf4 24. g3 e5 25. Qd1 Nxh5 26. Qxh5 exd4 27. Bxg5 Rf5 28. f4
dxc3 29. Ng4 Qh7 30. Nf6+ Rxf6 31. Qxh7+ Kxh7 32. Bxf6 Bf5 33. Rb5 Rf8 34. Bxc3
d4 35. Bb4 Nxb4 36. Rxb4 Rc8 37. Rc1 Rc5 38. Kf2 b5 39. a4 a6 40. axb5 axb5 41.
Kf3 d3 42. g4 1-0